Egy vidám nap Alistálon

Bibliographic Details
Main Author: Vida, Júlia B., 1969- (Author)
Format: Article
Language:Hungarian
PhysicalDescription:Fotogr.
ISSN:1335-6631
Subjects:

MARC

LEADER 00000nab a2200000 a 4500
001 vtls011577805
003 SK-MaSNL
005 20260319070853.0
008 160905|2016 xo w| 000 0|hun
015 |a SNBRB2016/09 
038 |a DSZK 
040 |a DSZK  |b slo  |c DSZK  |e AACR2 
041 0 |a hun 
044 |a xo  |c SK 
080 |a 394.1/.7  |x (437.612)  |2 2011 
100 1 |a Vida, Júlia B.,  |d 1969-  |4 aut  |9 108932 
245 1 0 |a Egy vidám nap Alistálon  |c B. Vida Júlia 
300 |b Fotogr. 
611 2 7 |a Deň sv. Štefana, požehnanie nového chleba  |d (2016 :  |c Dolný Štál, Slovensko)  |2 dszk  |9 1088328 
650 0 7 |a kultúrne podujatia  |2 SNKPH  |9 71676 
651 7 |a Dolný Štál (Slovensko)  |2 SNKPH  |9 79250 
773 0 |t Szabad újság  |g Évf. XXII, sz. 35 (2016), o. 34  |x 1335-6631 
852 |a DSZK  |b KIS3GCP 
958 |a HU 
958 |a SK 
999 |c 1789287  |d 1791217